| 000 | 01013cam a22002775i 4500 | ||
|---|---|---|---|
| 999 |
_c27620 _d27591 |
||
| 003 | EG-ScBUE | ||
| 005 | 20190915122142.0 | ||
| 008 | 190915s2017 ii f b 001 0deng d | ||
| 020 | _a8171694217 | ||
| 040 |
_aEG-ScBUE _beng _erda _cEG-ScBUE _dEG-ScBUE |
||
| 082 | 0 | 4 |
_a823.8 _bSIN _222 |
| 100 | 1 |
_aSingh, Vaidyanath, _d1963- _eauthor. |
|
| 245 | 1 | 0 |
_aSocial realism in the fiction of Dickens and Mulk Raj Anand / _cVaidyanath Singh. |
| 264 | 1 |
_aNew Delhi : _bCommonwealth Publishers, _c 2017. |
|
| 300 |
_axi, 300 pages ; _c22 cm. |
||
| 336 |
_atext _btxt _2rdacontent |
||
| 337 |
_aunmediated _bn _2rdamedia |
||
| 338 |
_avolume _bnc _2rdacarrier |
||
| 504 | _aIncludes bibliographical references and index. | ||
| 600 | 1 | 7 |
_aDickens, Charles, _d1812-1870 _xCriticism and interpretation. _2BUEsh |
| 600 | 1 | 7 |
_aAnand, Mulk Raj, _d1905-2004 _xCriticism and interpretation. _2BUEsh |
| 650 | 7 |
_aSocial realism in literature. _2BUEsh |
|
| 653 |
_bHHUUEENN _cSeptember2019 |
||
| 655 | _vReading book | ||
| 942 |
_2ddc _cBB |
||